Loading...
History - American History | 2 | 4 | 0 | 1 | 70 | 38 | 74.33 | 4 | 6 |
Fine Arts - Visual Fine Arts | 1 | 5 | 0 | 1 | 65 | 58 | 106.33 | 2 | 6 |
Literature - American Literature | 3 | 2 | 0 | 0 | 65 | 56 | 92.00 | 3 | 5 |
History - World History | 2 | 4 | 1 | 0 | 65 | 43 | 83.00 | 5 | 6 |
World and Other Literature | 0 | 6 | 1 | 0 | 55 | 88 | 117.67 | 2 | 6 |
Fine Arts - Auditory Fine Arts | 0 | 5 | 0 | 2 | 50 | 101 | 126.00 | 0 | 5 |
Other Arts: Auditory | 1 | 3 | 0 | 0 | 45 | 78 | 100.00 | 2 | 4 |
Social Science | 0 | 4 | 1 | 1 | 35 | 75 | 93.00 | 2 | 4 |
Geography | 1 | 2 | 0 | 1 | 35 | 66 | 90.67 | 2 | 3 |
Literature - European Literature | 2 | 1 | 1 | 0 | 35 | 57 | 77.00 | 2 | 3 |
Literature - British Literature | 1 | 2 | 1 | 0 | 30 | 69 | 115.67 | 2 | 3 |
Beliefs | 0 | 4 | 2 | 1 | 30 | 88 | 95.00 | 1 | 4 |
Philosophy | 0 | 2 | 0 | 0 | 20 | 112 | 118.50 | 0 | 2 |
History - European History | 0 | 2 | 1 | 0 | 15 | 87 | 87.50 | 0 | 2 |
Ancient History and Archaeology | 0 | 1 | 0 | 0 | 10 | 105 | 105.00 | 1 | 1 |
Current Events | 0 | 1 | 0 | 1 | 10 | 129 | 129.00 | 0 | 1 |
British and Commonwealth History | 0 | 1 | 0 | 0 | 10 | 96 | 96.00 | 1 | 1 |
Other Arts: Visual | 0 | 1 | 0 | 0 | 10 | 101 | 101.00 | 1 | 1 |
Other Science: Earth Science | 0 | 1 | 0 | 0 | 10 | 78 | 78.00 | 1 | 1 |
Science - Physics | 0 | 1 | 0 | 0 | 10 | 69 | 69.00 | 0 | 1 |
Other Academic | 0 | 1 | 1 | 1 | 5 | 136 | 136.00 | 0 | 1 |